Criminals' explanations of their behavior. Part II: A possible role for psychopathy

Gespeichert in:  
Bibliographische Detailangaben
1. VerfasserIn: Harry, Bruce (Verfasst von)
Medienart: Druck Aufsatz
Sprache:Englisch
Veröffentlicht: 1992
In: Journal of forensic sciences
Jahr: 1992, Band: 37, Heft: 5, Seiten: 1334-1340
Verfügbarkeit prüfen: HBZ Gateway
Schlagwörter:

MARC

LEADER 00000caa a22000002c 4500
001 1640237704
003 DE-627
005 20220608131444.0
007 tu
008 160223s1992 xx ||||| 00| ||eng c
035 |a (DE-627)1640237704 
035 |a (DE-576)45609119X 
035 |a (DE-599)BSZ45609119X 
040 |a DE-627  |b ger  |c DE-627  |e rakwb 
041 |a eng 
100 1 |a Harry, Bruce  |4 aut 
245 1 0 |a Criminals' explanations of their behavior. Part II: A possible role for psychopathy  |c Bruce Harry 
264 1 |c 1992 
336 |a Text  |b txt  |2 rdacontent 
337 |a ohne Hilfsmittel zu benutzen  |b n  |2 rdamedia 
338 |a Band  |b nc  |2 rdacarrier 
773 0 8 |i In  |t Journal of forensic sciences  |d Hoboken, NJ : Wiley, 1956  |g 37(1992), 5, Seite 1334-1340  |w (DE-627)129550167  |w (DE-600)219216-0  |w (DE-576)01500354X  |x 0022-1198  |7 nnas 
773 1 8 |g volume:37  |g year:1992  |g number:5  |g pages:1334-1340 
935 |a mkri 
951 |a AR 
ELC |b 1 
LOK |0 000 xxxxxcx a22 zn 4500 
LOK |0 001 330170705X 
LOK |0 003 DE-627 
LOK |0 004 1640237704 
LOK |0 005 20160223101433 
LOK |0 008 160208||||||||||||||||ger||||||| 
LOK |0 040   |a DE-21-110  |c DE-627  |d DE-21-110 
LOK |0 689   |a s  |a Kriminalitätstheorien 
LOK |0 689   |a s  |a Biologische Kriminalitätstheorie 
LOK |0 852   |z Kein Bestand am IfK; Nachweis für KrimDok 
LOK |0 852   |a DE-21-110 
LOK |0 852 1  |m v  |9 00 
LOK |0 935   |a k110 
LOK |0 938   |k v 
LOK |0 939   |a 08-02-16  |b l01 
ORI |a SA-MARC-krimdoka001.raw